000 00684nam a2200205Ia 4500
003 GCL
008 140319s9999 xx 000 0 ara d
040 _aGCL /
_cGCL
082 0 4 _a3430.14
_bع.ش
100 1 _aعزت مصطفى الدسوقى
245 1 0 _aشرح قانون الاحكام العسكرية قانون العقوبات /
_cعزت مصطفى الدسوقى
260 _a[S.N] :
_bمكتبة النهضة المصرية ،
_c1991
300 _a365 ص
490 _a
650 0 4 _aالقانون
650 0 4 _aقانون العقوبات
650 0 4 _aالقانون العسكرى
650 0 4 _aقانون العقوبات العسكرية
942 _2ddc
_cBK
999 _c54301
_d54301